00370nam a2200157Ia 4500003000400000005001700004008004100021040000700062041000800069082001400077100001700091245003400108260004900142300000900191650001200200OSt20260331102656.0250729s2005 xx 000 0 und d cAL aeng a4255 GRAE aGrant Taylor aEnglish conservation practice aNewdelhibTata Mc Graw Hill Publishingc2005 a301p aEnglish